[Event "Belgrade-chT"]
[Site "Belgrade"]
[Date "2017.05.14"]
[Round "5.3"]
[White "Terzic, Todor"]
[Black "Novakovic, Marko"]
[Result "1/2-1/2"]
[WhiteElo "2184"]
[BlackElo "1823"]
[PlyCount "93"]
[EventDate "2017.05.10"]
[EventType "team-swiss"]
[EventRounds "5"]
[EventCountry "SRB"]
[SourceTitle "CBM 178 Extra"]
[Source "ChessBase"]
[SourceDate "2017.06.22"]
[SourceVersion "1"]
[SourceVersionDate "2017.06.22"]
[SourceQuality "1"]
[WhiteTeam "Belgrade"]
[BlackTeam "Delfin"]
[WhiteTeamCountry "SRB"]
[BlackTeamCountry "SRB"]

1. d4 Nf6 2. c4 e6 3. Nc3 Bb4 4. e3 c5 5. Nge2 d5 6. a3 Bxc3+ 7. Nxc3 cxd4 8. exd4 dxc4 9. Bxc4 Nc6 10. Be3 0-0 11. 0-0 b6 12. Qd3 Bb7 13. Rad1 h6 14. f3 Ne7 15. Bf2 Ned5 16. Ne2 Rc8 17. Rc1 Qd7 18. Bb5 Bc6 19. Bxc6 Rxc6 20. Rxc6 Qxc6 21. Rc1 Nf4 22. Rxc6 Nxd3 23. b4 Nd5 24. g3 Rd8 25. Kf1 Nxf2 26. Kxf2 Kf8 27. f4 Ke7 28. Kf3 Kd7 29. Rc1 a6 30. Ke4 Rc8 31. Rxc8 Kxc8 32. Kd3 Kd7 33. h3 Kc6 34. Kc4 Ne3+ 35. Kd3 Nd1 36. h4 Kd5 37. Kd2 Nb2 38. Kc3 Na4+ 39. Kd3 Nb2+ 40. Kc3 Nc4 41. a4 Ne3 42. Kd3 Nd1 43. a5 b5 44. Kd2 Nf2 45. Ke3 Ng4+ 46. Kd3 Nf2+ 47. Ke3 1/2-1/2

[Event "Belgrade-chT"]
[Site "Belgrade"]
[Date "2017.05.13"]
[Round "4.3"]
[White "Stanimirovic, Milos"]
[Black "Terzic, Todor"]
[Result "1-0"]
[WhiteElo "2068"]
[BlackElo "2184"]
[PlyCount "80"]
[EventDate "2017.05.10"]
[EventType "team-swiss"]
[EventRounds "5"]
[EventCountry "SRB"]
[SourceTitle "CBM 178 Extra"]
[Source "ChessBase"]
[SourceDate "2017.06.22"]
[SourceVersion "1"]
[SourceVersionDate "2017.06.22"]
[SourceQuality "1"]
[WhiteTeam "Napredak"]
[BlackTeam "Belgrade"]
[WhiteTeamCountry "SRB"]
[BlackTeamCountry "SRB"]

1. d4 d5 2. c4 e6 3. Nf3 Nf6 4. g3 Be7 5. Bg2 0-0 6. 0-0 c6 7. Qc2 b6 8. Nc3 Bb7 9. b3 Nbd7 10. Bb2 Rc8 11. Ne5 Nxe5 12. dxe5 Ng4 13. h3 Nxe5 14. Nxd5 cxd5 15. Bxe5 b5 16. Qb2 f6 17. cxd5 fxe5 18. d6 Bxg2 19. dxe7 Qxe7 20. Kxg2 Rc5 21. Rac1 Rfc8 22. Rfd1 Rxc1 23. Rxc1 Qb7+ 24. Kg1 Rxc1+ 25. Qxc1 h6 26. Qc5 e4 27. Qe5 Kf7 28. b4 a6 29. Kf1 Qc6 30. Qd4 Qc1+ 31. Kg2 Qc6 32. h4 Kg8 33. Qd8+ Kf7 34. Qd4 Kg8 35. g4 Kf7 36. Qa7+ Kf6 37. Qd4+ Kf7 38. g5 hxg5 39. hxg5 Kg6 40. Kg3 Qc2 1-0